000 00678nam a2200217 a 4500
001 000034944
005 20200930074012.0
008 111021s1974 mx 000 0 spa d
040 _aDO-SdBNP
_bspa
_cBNPHU
082 _a303.61
_bB271v
100 1 _aBarreiro, Julio
_929044
245 1 0 _aViolencia y política en América Latina /
_cJulio Barreiro.
250 _a2a ed.
260 _aMéxico :
_bSiglo Veintiuno,
_c1974.
300 _a205 p. ;
_c15 cm.
490 1 _aMínima
_v42
650 4 _aViolencia
_zAmérica Latina
_960521
651 4 _aAmérica Latina
_xPolítica Y Gobierno
_y1948-
_929391
830 0 _aMínima
_v42
_928232
910 _aValidado. Control de calidad MFF
999 _c34435
_d34435